01032nas a2200277Ia 4500001001200000003001000012008004100022040002500063041001300088100003200101210001000133222001000143245003500153250001100188260000900199501012300208300001300331362003600344500013300380650003000513700001100543942000700554957000600561999003300567952015400600dd26-38084 IT-MiCISF161014c99999999xx |||||||||||| ||und|| aIT-MiCISFcIT-MiCISF aITALIANO aPerrini Lucilla (a cura di) aMadre aMadre 0aAdozione, un viaggio del cuore a1a ed. c2003 bCISF - Centro Internazionale Studi Famiglia - Via Giotto, 36 20145 MILANO (non commercial uses only)cCopyright 2016 app. I-XV a inserto nel n. 3, marzo [2003] aCavallo C., Griffini M., Guidi D., Bertuzzi I., Mannoni F., Morelli M. Tema: adozione, genitori-adottivi, esperienze, psicologia aADOZIONE, AFFIDOvdossier aAA.VV. cCR 71 a38084bSig1c218470d218470 0010406DD_263808471aCISFbCISFd2016-10-14l0odd26-38084 r2016-10-14 00:00:00w2016-10-14yCRzData import 15.10.2016 / by Epidotti, Vaglietti